Nazwy siedzib gmin województwa Śląskiego po Niemiecku - Statystyki

Ogólne statystyki
  • Ten quiz został rozwiązany 9 razy
  • Średni wynik to 70 z 164
Statystyki odpowiedzi
Powiat Po Polsku Po Niemiecku % Poprawnych
bielski Buczkowice (pol.) Buczkowice
83%
częstochowski Kruszyna (pol.) Kruszyna
83%
częstochowski Lelów (pol.) Lelów
83%
częstochowski Mstów (pol.) Mstów
83%
Bielsko-Biała Bielsko-Biała Bielitz-Biala
67%
cieszyński Brenna Brenna
67%
cieszyński Chybie Chybi
67%
żywiecki Czernichów (pol.) Czernichów
67%
gliwicki Gierałtowice Gieraltowitz
67%
żywiecki Gilowice (pol.) Gilowice
67%
Gliwice Gliwice Gleiwitz
67%
Zabrze Zabrze Hindenburg
67%
zawierciański Irządze (pol.) Irządze
67%
cieszyński Istebna Istebna
67%
żywiecki Istebna (pol.) Istebna
67%
żywiecki Jeleśnia (pol.) Jeleśnia
67%
Katowice Katowice Kattowitz
67%
częstochowski Kłomnice (pol.) Kłomnice
67%
częstochowski Koniecpol (pol.) Koniecpol
67%
częstochowski Konopiska (pol.) Konopiska
67%
żywiecki Koszarawa (pol.) Koszarawa
67%
myszkowski Koziegłowy (pol.) Koziegłowy
67%
zawierciański Kroczyce (pol.) Kroczyce
67%
zawierciański Łazy (pol.) Łazy
67%
kłobucki Lipie (pol.) Lipie
67%
żywiecki Lipowa (pol.) Lipowa
67%
kłobucki Miedźno (pol.) Miedźno
67%
żywiecki Milówka (pol.) Milówka
67%
częstochowski Mykanów (pol.) Mykanów
67%
Mysłowice Mysłowice Myslowitz
67%
myszkowski Myszków (pol.) Myszków
67%
myszkowski Niegowa (pol.) Niegowa
67%
zawierciański Ogrodzieniec (pol.) Ogrodzieniec
67%
kłobucki Opatów (pol.) Opatów
67%
kłobucki Panki (pol.) Panki
67%
pszczyński Pawłowice Pawlowitz
67%
gliwicki Pilchowice Pilchowitz
67%
zawierciański Pilica (pol.) Pilica
67%
pszczyński Pszczyna Pleß
67%
częstochowski Poczesna (pol.) Poczesna
67%
kłobucki Popów (pol.) Popów
67%
zawierciański Poręba (pol.) Poręba
67%
częstochowski Przyrów (pol.) Przyrów
67%
kłobucki Przystajń (pol.) Przystajń
67%
żywiecki Rajcza (pol.) Rajcza
67%
częstochowski Rędziny (pol.) Rędziny
67%
żywiecki Ślemień (pol.) Ślemień
67%
częstochowski Starcza (pol.) Starcza
67%
żywiecki Świnna (pol.) Świnna
67%
zawierciański Szczekociny (pol.) Szczekociny
67%
żywiecki Ujsoły (pol.) Ujsoły
67%
żywiecki Węgierska Górka (pol.) Węgierska Górka
67%
żywiecki Wieprz (pol.) Wieprz
67%
zawierciański Włodowice (pol.) Włodowice
67%
kłobucki Wręczyca Wielka (pol.) Wręczyca Wielka
67%
myszkowski Żarki (pol.) Żarki
67%
bielski Bestwina Bestwina
50%
Bytom Bytom Beuthen
50%
będziński Bobrowniki Bobrownik
50%
bielski Czechowice-Dziedzice Czechowitz-Dzieditz
50%
będziński Czeladź Czeladz
50%
częstochowski Dąbrowa Zielona (pol.) Dąbrowa Zielona
50%
rybnicki Gaszowice Gaschowitz
50%
wodzisławski Godów Godow
50%
lubliniecki Herby Herby
50%
bieruńsko-lędziński Imielin Imielin
50%
częstochowski Janów (pol.) Janów
50%
gliwicki Knurów Knurow
50%
pszczyński Kobiór Kobier
50%
lubliniecki Kochanowice Kochanowitz
50%
Chorzów Chorzów Königshütte
50%
raciborski Kornowac Kornowatz
50%
gliwicki Wielowieś Langendorf
50%
Siemianowice Śląskie Siemianowice Śląskie Laurahütte-Siemianowitz
50%
wodzisławski Lubomia Lubom
50%
wodzisławski Marklowice Marklowitz
50%
pszczyński Miedźna Miedzna / Kunzendorf
50%
wodzisławski Mszana Mschanna
50%
mikołowski Mikołów Nikolai
50%
mikołowski Łaziska Górne Ober Lazisk
50%
mikołowski Ornontowice Ornontowitz
50%
mikołowski Orzesze Orzesche
50%
tarnogórski Ożarowice Ozarowitz
50%
wodzisławski Pszów Pschow
50%
wodzisławski Radlin Radlin
50%
tarnogórski Radzionków Radzionkau
50%
raciborski Racibórz Ratibor
50%
raciborski Kuźnia Raciborska Ratiborhammer
50%
Ruda Śląska Ruda Śląska Ruda
50%
gliwicki Rudziniec Rudzinitz / Rudgershagen
50%
Rybnik Rybnik Rybnik
50%
Sosnowiec Sosnowiec Sosnowitz
50%
tarnogórski Tarnowskie Góry Tarnowitz
50%
Tychy Tychy Tichau
50%
gliwicki Toszek Tost
50%
Częstochowa Częstochowa Tschenstochau
50%
tarnogórski Tworóg Tworog
50%
cieszyński Ustroń Ustron
50%
Jastrzębie-Zdrój Jastrzębie-Zdrój Bad Königsdorff-Jastrzemb
33%
bieruńsko-lędziński Bieruń Berun
33%
tarnogórski Zbrosławice Broslawitz / Dramatal-West
33%
Piekary Śląskie Piekary Śląskie Deutsch Piekar
33%
cieszyński Goleszów Golleschau
33%
bieruńsko-lędziński Chełm Śląski Groß Chelm
33%
cieszyński Hażlach Haslach
33%
rybnicki Jejkowice Jeykowitz
33%
bieruńsko-lędziński Lędziny Lendzin
33%
lubliniecki Lubliniec Lublinitz
33%
tarnogórski Świerklaniec Neudeck
33%
lubliniecki Pawonków Pawonkau
33%
gliwicki Pyskowice Peiskretscham
33%
będziński Psary Psary
33%
cieszyński Strumień Schwarzwasser
33%
Świętochłowice Świętochłowice Schwientochlowitz
33%
cieszyński Skoczów Skotschau
33%
cieszyński Wisła Weichsel
33%
bielski Wilkowice Abtsdorf / Wolfsdorf
17%
pszczyński Goczałkowice-Zdrój Bad Gottschalkowitz
17%
będziński Będzin Bendsburg
17%
bieruńsko-lędziński Bojszowy Boischow
17%
raciborski Nędza Buchenau / Nensa
17%
Dąbrowa Górnicza Dąbrowa Górnicza Dombrowa
17%
wodzisławski Gorzyce Gorschütz
17%
raciborski Pietrowice Wielkie Groß Peterwitz
17%
częstochowski Kamienica Polska Kamnitz
17%
gliwicki Sośnicowice Kieferstädtel
17%
lubliniecki Koszęcin Koschentin
17%
raciborski Krzanowice Kranowitz / Kranstädt
17%
raciborski Krzyżanowice Kreuzenort
17%
tarnogórski Krupski Młyn Kruppamühle
17%
kłobucki Krzepice Krzepitz
17%
rybnicki Czerwionka-Leszczyny Leschczin
17%
rybnicki Lyski Lissek
17%
wodzisławski Wodzisław Śląski Loslau
17%
bielski Porąbka Porombka
17%
wodzisławski Rydułtowy Rydultau
17%
żywiecki Żywiec Saybusch
17%
bielski Szczyrk Schirk
17%
rybnicki Świerklany Schwirklan
17%
cieszyński Zebrzydowice Seibersdorf
17%
Żory Żory Sohrau
17%
lubliniecki Ciasna Teichwalde
17%
lubliniecki Woźniki Woischnik
17%
mikołowski Wyry Wyrow
17%
Jaworzno Jaworzno Arnshalde
0%
cieszyński Dębowiec Baumgarten
0%
częstochowski Blachownia Blachstädt
0%
lubliniecki Boronów Bornow
0%
bielski Jaworze Ernsdorf
0%
tarnogórski Miasteczko Śląskie Georgenberg
0%
bielski Jasienica Heinzendorf
0%
częstochowski Olsztyn Hohlstein
0%
kłobucki Kłobuck Klobutzko
0%
będziński Wojkowice Komorne
0%
żywiecki Łodygowice Lodwigsdorf
0%
będziński Mierzęcice Mershenzize
0%
myszkowski Poraj Porwalde
0%
będziński Sławków Schlaca
0%
bielski Kozy Seiffersdorf
0%
będziński Siewierz Sewersh
0%
pszczyński Suszec Sissetz
0%
tarnogórski Kalety Stahlhammer
0%
zawierciański Zawiercie Warthenau
0%
bielski Wilamowice Wilmesau
0%
Nie znaleziono quizów pasujących do podanych kryteriów
Rozkład punktacji
Procent ludzi z każdym wynikiem
Percentyl według liczby udzielonych odpowiedzi
Twoja historia wyników
Nie rozwiązałeś tego quizu